| 000 | 00524nam a2200181 a 4500 | ||
|---|---|---|---|
| 001 | 000036455 | ||
| 005 | 20200930075736.0 | ||
| 008 | 120118s1999 sp 000 0 spa d | ||
| 020 | _a8420634417 | ||
| 040 |
_aDO-SdBNP _bspa _cBNPHU |
||
| 082 |
_axxxx _bxxxx |
||
| 100 | 1 |
_aBrecht, Bertolt, _d1898-1956 _940298 |
|
| 245 | 1 | 0 |
_aPoemas y canciones / _cBertolt Brecht. |
| 260 |
_aMadrid, : _bAlianza, _c1999. |
||
| 300 |
_a180 p. ; _c18 cm. |
||
| 490 | 1 | _aLiteratura contemporáneos | |
| 830 | 0 |
_aLiteratura contemporáneos _962675 |
|
| 999 |
_c35946 _d35946 |
||